000 01086nam a22003137a 4500
001 000366
003 DO-SdBNP
005 20171113105322.0
007 000366
008 160706b 2010 mx ||||| |||| 00| 0 spa d
020 _a9786071107398
040 _aBPMSU
_bspa
_cBPMSU
082 4 _a813.5
_bM647t
100 1 _aMiller, Henry,
_c1891-1980.
240 1 0 _aTropic of Cancer.
_lEspañol
245 1 0 _aTrópico de Cáncer /
_cHenry Miller ; traducción revisada por Carlos Manzano.
260 0 _aMéxico, D.F. :
_bPunto de lectura : Santillana,
_c2010.
_g(Primera reimpresión 2011)
300 _a373 p. ;
_c19 cm.
490 1 _aPunto de lectura. Narrativa
_v182/1.
500 _aLa biblioteca posee la primera reimpresión: enero de 2011.
650 4 _aNOVELA ESTADOUNIDENSE
650 4 _aLITERATURA ESTADOUNIDENSE
700 1 2 _aManzano, Carlos,
_etr.
830 0 _pPunto de lectura. Narrativa ;
_n182/1
910 _aValidado.Control de calidad MFF
942 _2ddc
_cBK
945 _aInventariado extranjero / 2017 VM
956 _2LOPEREZ
_310
_620160706
_8BPMSU
_a00041
999 _c10721
_d10721